000
00269nam a2200109Ia 4500
008
190216s9999||||xx |||||||||||||| ||und||
100
_a
"Atanco Dn, Ethanis Pp"
245
0
_a
Practical Problems In Statistics
260
_b
Kitab Mahal
_c
1952
300
_a
608p
942
_c
BK
999
_c
4208
_d
4208